[Event "First Saturday IM Oct 2013"]
[Site "Budapest"]
[Date "2013.10.05"]
[Round "1.2"]
[White "Havasi, Gergo"]
[Black "Nguyen, Thi Mai Hung"]
[Result "1/2-1/2"]
[WhiteElo "2172"]
[BlackElo "2204"]
[PlyCount "225"]
[EventDate "2013.10.05"]

1. e4 c5 2. Nf3 g6 3. d4 cxd4 4. Nxd4 Nc6 5. c4 Nf6 6. Nc3 d6 7. Be2 Nxd4 8.
Qxd4 Bg7 9. Be3 O-O 10. Qd2 Qa5 11. f3 Be6 12. Rc1 Rfc8 13. b3 a6 14. Na4 Qxd2+
15. Kxd2 Nd7 16. g4 Rc6 17. Nc3 Rac8 18. Nd5 Bxd5 19. exd5 R6c7 20. g5 e6 21.
dxe6 fxe6 22. f4 Nc5 23. Bg4 Kf7 24. Rhe1 Re8 25. Bf2 Bb2 26. Rc2 Bg7 27. Bf3
a5 28. h4 h5 29. Bg3 Rd7 30. Re3 Kg8 31. Kd1 Bd4 32. Ree2 Rf8 33. Bg2 Rdd8 34.
Rcd2 Bc3 35. Rc2 Bb4 36. Re3 b6 37. Bh1 d5 38. cxd5 exd5 39. Re5 d4 40. Bd5+
Kh8 41. Bc6 d3 42. Rc4 d2 43. Bf2 Nd3 44. Bd4 Rxd4 45. Rxd4 Nxe5 46. Rxb4 Nxc6
47. Rxb6 Ne7 48. Kxd2 Rxf4 49. Re6 Nf5 50. Rxg6 Rxh4 51. Ra6 Rh2+ 52. Kd3 Rxa2
53. Ke4 Ng7 54. g6 Re2+ 55. Kf4 Ne6+ 56. Kf5 h4 57. Kf6 Kg8 58. Rxa5 h3 59.
Ra8+ Nf8 60. Ra1 h2 61. g7 Rf2+ 62. Kg5 Kxg7 63. Kh4 Rb2 64. Kg3 Ne6 65. Rh1
Nd4 66. Rxh2 Nf5+ 67. Kh3 Rxb3+ 68. Kg4 Kg6 69. Kf4 Kf6 70. Ra2 Rb4+ 71. Kf3
Kg5 72. Rg2+ Kf6 73. Ra2 Ne7 74. Ra6+ Ke5 75. Kf2 Kf4 76. Ke2 Nf5 77. Kd3 Rd4+
78. Kc3 Rd8 79. Rg6 Ke5 80. Ra6 Ng3 81. Ra5+ Ke4 82. Kc4 Ne2 83. Rh5 Nf4 84.
Rh4 Rc8+ 85. Kb5 Ke5 86. Rh1 Kd6 87. Rh2 Rc1 88. Rh6+ Kd5 89. Kb6 Rb1+ 90. Kc7
Ne6+ 91. Kd7 Rb7+ 92. Kc8 Rg7 93. Kb8 Nd4 94. Rh5+ Kd6 95. Rh6+ Kc5 96. Rh1 Kb6
97. Rb1+ Nb5 98. Kc8 Kc6 99. Rc1+ Kd5 100. Rd1+ Nd4 101. Kb8 Kc5 102. Rc1+ Kb6
103. Rb1+ Nb5 104. Kc8 Ra7 105. Kd8 Kc6 106. Rc1+ Kb6 107. Rb1 Kc5 108. Rc1+
Kd5 109. Rd1+ Nd4 110. Ke8 Ke6 111. Re1+ Kf6 112. Rf1+ Nf5 113. Kd8 1/2-1/2

[Event "First Saturday IM Oct 2013"]
[Site "Budapest"]
[Date "2013.10.05"]
[Round "1.3"]
[White "Balint, Vilmos"]
[Black "Kislik, Erik Andrew"]
[Result "0-1"]
[WhiteElo "2248"]
[BlackElo "2381"]
[PlyCount "62"]
[EventDate "2013.10.05"]

1. e4 e5 2. f4 exf4 3. Nf3 g5 4. h4 g4 5. Ne5 Qe7 6. Nxg4 Qxe4+ 7. Qe2 Qe7 8.
d4 d6 9. Qxe7+ Bxe7 10. Bb5+ Nc6 11. Nf2 a6 12. Bxc6+ bxc6 13. Bxf4 Nf6 14. Nc3
Be6 15. O-O-O Kd7 16. Nfe4 Nxe4 17. Nxe4 Bd5 18. Rde1 Rae8 19. Kd1 f5 20. Nd2
Bxg2 21. Rhg1 Bxh4 22. Rxe8 Rxe8 23. Nc4 Rg8 24. Kd2 Bf2 25. Rb1 Bxd4 26. c3
Be4 27. Re1 Rg2+ 28. Kc1 Bf2 29. Rh1 Rg1+ 30. Rxg1 Bxg1 31. Ne3 h5 0-1

[Event "First Saturday IM Oct 2013"]
[Site "Budapest"]
[Date "2013.10.05"]
[Round "1.4"]
[White "Szalanczy, Emil"]
[Black "To, Nhat Minh"]
[Result "1/2-1/2"]
[WhiteElo "2261"]
[BlackElo "2334"]
[PlyCount "22"]
[EventDate "2013.10.05"]

1. e4 d5 2. exd5 Nf6 3. c4 c6 4. d4 cxd5 5. Nc3 e6 6. Nf3 Bb4 7. cxd5 Nxd5 8.
Qc2 Nc6 9. Bd3 Ba5 10. a3 h6 11. O-O O-O 1/2-1/2

[Event "First Saturday IM Oct 2013"]
[Site "Budapest"]
[Date "2013.10.05"]
[Round "1.5"]
[White "Nitish, Belurkar"]
[Black "Kulkarni, Bhakti"]
[Result "1/2-1/2"]
[WhiteElo "1903"]
[BlackElo "2291"]
[PlyCount "59"]
[EventDate "2013.10.05"]

1. d4 Nf6 2. Nf3 g6 3. e3 Bg7 4. Be2 O-O 5. O-O d5 6. b3 c5 7. Bb2 cxd4 8. exd4
b6 9. c4 dxc4 10. bxc4 e6 11. Nc3 Bb7 12. Re1 Ne4 13. Nxe4 Bxe4 14. Nd2 Bb7 15.
Bf3 Qc7 16. Bxb7 Qxb7 17. Ne4 Nc6 18. Qf3 Na5 19. Rac1 Rfd8 20. Nf6+ Kh8 21. d5
exd5 22. cxd5 Rac8 23. Rxc8 Qxc8 24. d6 Qc2 25. d7 Qxb2 26. Re8+ Bf8 27. g3
Qc1+ 28. Kg2 Nc6 29. Nd5 f5 30. Nc3 1/2-1/2

[Event "First Saturday IM Oct 2013"]
[Site "Budapest"]
[Date "2013.10.06"]
[Round "2.1"]
[White "Szeberenyi, Adam"]
[Black "Kulkarni, Bhakti"]
[Result "1/2-1/2"]
[WhiteElo "2328"]
[BlackElo "2291"]
[PlyCount "62"]
[EventDate "2013.10.05"]

1. d4 Nf6 2. c4 g6 3. Nc3 Bg7 4. e4 d6 5. Be2 O-O 6. Bg5 c5 7. d5 h6 8. Be3 e6
9. h3 exd5 10. exd5 Kh7 11. Nf3 a6 12. O-O b5 13. cxb5 Bb7 14. Qb3 axb5 15.
Bxb5 Na6 16. Rad1 Rb8 17. Qa4 Bc8 18. Bxa6 Ra8 19. Qh4 Bxa6 20. Rfe1 Nh5 21.
Qxd8 Rfxd8 22. g4 Bxc3 23. bxc3 Nf6 24. g5 hxg5 25. Bxg5 Kg7 26. Nd2 Bd3 27.
Bxf6+ Kxf6 28. Ne4+ Bxe4 29. Rxe4 Rxa2 30. Rde1 Rd7 31. h4 Rd2 1/2-1/2

[Event "First Saturday IM Oct 2013"]
[Site "Budapest"]
[Date "2013.10.06"]
[Round "2.2"]
[White "To, Nhat Minh"]
[Black "Nitish, Belurkar"]
[Result "1/2-1/2"]
[WhiteElo "2334"]
[BlackElo "1903"]
[PlyCount "80"]
[EventDate "2013.10.05"]

1. c4 e5 2. g3 Nc6 3. Nc3 Nf6 4. Bg2 Bb4 5. Nd5 O-O 6. Nf3 d6 7. Nxb4 Nxb4 8.
O-O h6 9. d3 Be6 10. Qb3 c5 11. Bd2 a5 12. Bc3 Qd7 13. Nd2 Bh3 14. a3 Bxg2 15.
Kxg2 a4 16. Qd1 Nc6 17. e4 Nh7 18. f4 f5 19. Qf3 Rae8 20. Rae1 Rf7 21. exf5
Rxf5 22. Qd5+ Qe6 23. Ne4 Nf6 24. Qxd6 Nxe4 25. Qxe6+ Rxe6 26. dxe4 Rf7 27.
fxe5 Nxe5 28. Bxe5 Rxf1 29. Rxf1 Rxe5 30. Kf3 Re6 31. Rd1 Rb6 32. Rd2 Kf7 33.
e5 Ke6 34. Re2 Rb3+ 35. Kg4 g6 36. Rd2 Kxe5 37. Rd5+ Ke6 38. Rxc5 Rxb2 39. Ra5
Rxh2 40. Rxa4 Rb2 1/2-1/2

[Event "First Saturday IM Oct 2013"]
[Site "Budapest"]
[Date "2013.10.06"]
[Round "2.3"]
[White "Kislik, Erik Andrew"]
[Black "Szalanczy, Emil"]
[Result "1-0"]
[WhiteElo "2381"]
[BlackElo "2261"]
[PlyCount "103"]
[EventDate "2013.10.05"]

1. e4 c5 2. Nf3 d6 3. d4 cxd4 4. Nxd4 Nf6 5. Nc3 g6 6. Be3 Bg7 7. f3 Nc6 8. Qd2
O-O 9. O-O-O Bd7 10. g4 Rb8 11. h4 b5 12. Nxc6 Bxc6 13. h5 b4 14. Nb1 Qa5 15.
hxg6 Qxa2 16. Bh6 fxg6 17. Bxg7 Kxg7 18. g5 Nd7 19. Qh2 Rh8 20. Qh6+ Kf7 21.
Rd4 Bb5 22. f4 Qa6 23. Bxb5 Qxb5 24. e5 Nc5 25. f5 Rbc8 26. fxg6+ Ke8 27. Qh3
Qc6 28. Rh2 dxe5 29. Rxb4 Rd8 30. g7 Rg8 31. Qh5+ Qg6 32. Rb5 Nd7 33. Qxg6+
hxg6 34. Rd5 Kf7 35. Rhd2 Ke6 36. Nc3 Rxg7 37. Nb5 Rh7 38. b3 Rh1+ 39. Kb2 Rg1
40. Nc7+ Kf5 41. Rf2+ Ke4 42. Rdd2 Rf8 43. Rde2+ Kd4 44. Ne6+ Kd5 45. Nxf8 Nxf8
46. Rxf8 Rxg5 47. Ra8 Ke6 48. Rxa7 Rh5 49. Ra6+ Kf5 50. Rf2+ Ke4 51. Rxg6 Ke3
52. Rf7 1-0

[Event "First Saturday IM Oct 2013"]
[Site "Budapest"]
[Date "2013.10.06"]
[Round "2.4"]
[White "Nguyen, Thi Mai Hung"]
[Black "Balint, Vilmos"]
[Result "0-1"]
[WhiteElo "2204"]
[BlackElo "2248"]
[PlyCount "76"]
[EventDate "2013.10.05"]

1. d4 f5 2. Bf4 Nf6 3. e3 g6 4. h4 h6 5. Nf3 d6 6. Bc4 e6 7. Nc3 Bg7 8. Qe2 O-O
9. O-O-O Ne4 10. Nxe4 fxe4 11. Nh2 d5 12. Bb3 c5 13. c3 cxd4 14. cxd4 Rxf4 15.
exf4 Nc6 16. Qe3 Qb6 17. Ng4 Bxd4 18. Qg3 h5 19. Ne5 Nxe5 20. fxe5 Kg7 21. Kb1
Bd7 22. f3 Rf8 23. Qg5 Be3 24. Qg3 a5 25. fxe4 a4 26. Bc2 a3 27. b3 Qc5 28.
exd5 Be8 29. Rd3 Rf2 30. Qxf2 Bxf2 31. Rhd1 exd5 32. b4 Qxb4+ 33. Rb3 Qe7 34.
Rxd5 Bf7 35. e6 Bxe6 36. Re5 b6 37. Re2 Qxh4 38. Rd3 Bf5 0-1

[Event "First Saturday IM Oct 2013"]
[Site "Budapest"]
[Date "2013.10.06"]
[Round "2.5"]
[White "Lyell, Mark"]
[Black "Havasi, Gergo"]
[Result "0-1"]
[WhiteElo "2259"]
[BlackElo "2172"]
[PlyCount "112"]
[EventDate "2013.10.05"]

1. e4 c5 2. c3 d5 3. exd5 Qxd5 4. d4 Nf6 5. Nf3 Bg4 6. Nbd2 Nc6 7. Bc4 Bxf3 8.
Qb3 Na5 9. Qb5+ Qd7 10. Nxf3 Nxc4 11. Qxc4 cxd4 12. Nxd4 Rc8 13. Qe2 e6 14. Bg5
Nd5 15. O-O h6 16. Bh4 Be7 17. Bxe7 Qxe7 18. f4 O-O 19. Rae1 Rfe8 20. Qf2 Qd7
21. Re5 g6 22. Rfe1 a6 23. Qg3 Kh7 24. Qf3 b5 25. a3 Nb6 26. h4 Nc4 27. R5e2 h5
28. Kh1 Qd8 29. Qg3 Qf6 30. Qg5 Kg7 31. g3 Rcd8 32. Kg2 Rc8 33. Kg1 Nd6 34. Qe5
Red8 35. Kg2 Nc4 36. Qxf6+ Kxf6 37. Kf3 Rd5 38. Kg2 a5 39. Nf3 Rc7 40. Ne5 Nb6
41. Rf2 Rd6 42. Ree2 Nd5 43. Rd2 Ke7 44. Kf3 f6 45. Nxg6+ Kf7 46. f5 e5 47.
Rfe2 Rcd7 48. Re4 Nb6 49. Rxd6 Rxd6 50. b3 a4 51. Rb4 axb3 52. Rxb3 Rd5 53. g4
Nc4 54. Ke4 Rd1 55. Rb4 hxg4 56. h5 Nxa3 0-1

[Event "First Saturday IM Oct 2013"]
[Site "Budapest"]
[Date "2013.10.07"]
[Round "3.1"]
[White "Havasi, Gergo"]
[Black "Szeberenyi, Adam"]
[Result "1/2-1/2"]
[WhiteElo "2172"]
[BlackElo "2328"]
[PlyCount "68"]
[EventDate "2013.10.05"]

1. e4 c5 2. Nf3 e6 3. d4 cxd4 4. Nxd4 a6 5. c4 Nf6 6. Nc3 Bb4 7. Bd3 Nc6 8. a3
Bxc3+ 9. bxc3 Qa5 10. Bd2 Ne5 11. Qe2 Nxd3+ 12. Qxd3 Qe5 13. f3 d5 14. cxd5
exd5 15. O-O dxe4 16. fxe4 O-O 17. Rae1 Be6 18. Bf4 Qc5 19. Bd6 Qxd6 20. e5 Bc4
21. Qxc4 Qd5 22. Qd3 Ng4 23. Qg3 Nh6 24. Rf4 Rae8 25. Rh4 Kh8 26. Re3 Qa2 27.
h3 Nf5 28. Nxf5 Qb1+ 29. Kh2 Qxf5 30. Rg4 Rg8 31. Rg5 Qe6 32. Rf3 Rc8 33. Rh5
Rc4 34. Rhf5 Rc7 {illegible writing....draw in 39 moves} 1/2-1/2

[Event "First Saturday IM Oct 2013"]
[Site "Budapest"]
[Date "2013.10.07"]
[Round "3.2"]
[White "Balint, Vilmos"]
[Black "Lyell, Mark"]
[Result "0-1"]
[WhiteElo "2248"]
[BlackElo "2259"]
[PlyCount "116"]
[EventDate "2013.10.05"]

1. e4 e5 2. Nf3 Nc6 3. d4 exd4 4. Bc4 Nf6 5. e5 d5 6. Bb5 Ne4 7. Nxd4 Bc5 8.
Be3 O-O 9. Nxc6 bxc6 10. Bxc5 Nxc5 11. Bxc6 Rb8 12. Qxd5 Qe7 13. O-O Rxb2 14.
Nc3 Rxc2 15. Qd4 Be6 16. Rac1 Rxc1 17. Rxc1 Rd8 18. Qe3 Rd3 19. Qf4 a5 20. h4
h6 21. Bb5 g5 22. hxg5 hxg5 23. Qh2 Rd4 24. Qg3 Qd8 25. Qe3 Bf5 26. Ne2 Rd1+
27. Rxd1 Qxd1+ 28. Kh2 Ne6 29. Bc4 Qa4 30. Qc1 Kf8 31. Ng3 Qc2 32. Qa3+ Kg7 33.
Qe7 Bg4 34. Qf6+ Kf8 35. Qh6+ Ke8 36. Bxe6 Bxe6 37. Qxg5 Qxa2 38. Ne4 Kd7 39.
Nc5+ Kc6 40. Qe3 Qc4 41. Nd3 Kb5 42. Nb2 Qb4 43. Qa7 Qc5 44. Qb7+ Qb6 45. Qf3
Qc6 46. Qd3+ Bc4 47. Qc2 Bd5 48. Qd3+ Kb6 49. Qd4+ Ka6 50. g4 Qb5 51. Na4 Qc4
52. Qd2 Bc6 53. Nb2 Qxg4 54. Qd3+ Kb7 55. f3 Qxf3 56. Qd2 Qh5+ 57. Kg3 Qxe5+
58. Kf2 Qh2+ 0-1

[Event "First Saturday IM Oct 2013"]
[Site "Budapest"]
[Date "2013.10.07"]
[Round "3.3"]
[White "Szalanczy, Emil"]
[Black "Nguyen, Thi Mai Hung"]
[Result "1-0"]
[WhiteElo "2261"]
[BlackElo "2204"]
[PlyCount "143"]
[EventDate "2013.10.05"]

1. e4 c5 2. Nf3 Nc6 3. d4 cxd4 4. Nxd4 g6 5. Nc3 Bg7 6. Be3 Nf6 7. Bc4 O-O 8.
Bb3 a5 9. a4 Ng4 10. Qxg4 Nxd4 11. Qh4 d6 12. Nd5 Re8 13. Bg5 Bf8 14. Rd1 Nxb3
15. cxb3 Be6 16. O-O Rc8 17. Rd3 f6 18. Be3 Rc6 19. Rfd1 Bg7 20. f3 Qd7 21. Qe1
f5 22. Qxa5 Bxb2 23. Qd2 Bg7 24. Bh6 Bh8 25. h4 Rec8 26. Qg5 Bxd5 27. Rxd5 Bf6
28. Qf4 fxe4 29. Qxe4 Rc5 30. Re1 Kf7 31. Bg5 Rxd5 32. Qxd5+ e6 33. Qe4 Bg7 34.
Qf4+ Kg8 35. Qg4 Re8 36. h5 gxh5 37. Qxh5 d5 38. Qg4 Kh8 39. a5 d4 40. b4 Qd5
41. Bd2 e5 42. Qh5 Rg8 43. Re4 Bf6 44. Qf5 Rg6 45. Re1 Qa2 46. Re2 Qc4 47. Qe4
Bg7 48. Be1 Rc6 49. Rd2 Qc1 50. Rxd4 Rc8 51. Rd7 h6 52. Kh2 Rg8 53. Bg3 Qg5 54.
Qh4 Qg6 55. Qg4 Qxg4 56. fxg4 Bf6 57. Rxb7 e4 58. a6 e3 59. a7 Bd4 60. Rd7 Bc3
61. b5 Re8 62. b6 e2 63. Re7 Rxe7 64. a8=Q+ Kh7 65. Qa2 Be5 66. Qb1+ Kg7 67.
Qe1 Bd4 68. b7 Rxb7 69. Qxe2 Bf6 70. Bd6 Rf7 71. Qe6 Rb7 72. Bf8+ 1-0

[Event "First Saturday IM Oct 2013"]
[Site "Budapest"]
[Date "2013.10.07"]
[Round "3.4"]
[White "Nitish, Belurkar"]
[Black "Kislik, Erik Andrew"]
[Result "0-1"]
[WhiteElo "1903"]
[BlackElo "2381"]
[PlyCount "68"]
[EventDate "2013.10.05"]

1. d4 Nf6 2. Nf3 e6 3. e3 d5 4. Nbd2 c5 5. b3 Nc6 6. Bb2 Bd6 7. a3 O-O 8. Bd3
Re8 9. Ne5 Qe7 10. O-O Nd7 11. f4 Nf8 12. Ndf3 f6 13. Nxc6 bxc6 14. Qd2 Rb8 15.
Bc3 cxd4 16. exd4 c5 17. Kh1 c4 18. bxc4 dxc4 19. Bxc4 Qc7 20. Bd3 Bxf4 21. Ba5
Bxd2 22. Bxc7 Rb7 23. Nxd2 Rxc7 24. Rae1 Rd8 25. Nb3 Rc6 26. Re3 Ba6 27. Nc5
Bxd3 28. Rxd3 Nd7 29. Nxd7 Rxd7 30. Rc1 Rc4 31. c3 Rb7 32. h3 Kf7 33. Re3 Rb6
34. Rd1 Ke7 0-1

[Event "First Saturday IM Oct 2013"]
[Site "Budapest"]
[Date "2013.10.07"]
[Round "3.5"]
[White "Kulkarni, Bhakti"]
[Black "To, Nhat Minh"]
[Result "1/2-1/2"]
[WhiteElo "2291"]
[BlackElo "2334"]
[PlyCount "60"]
[EventDate "2013.10.05"]

1. d4 Nf6 2. Nf3 g6 3. c4 Bg7 4. Nc3 d5 5. e3 O-O 6. Be2 c5 7. dxc5 dxc4 8. O-O
Nbd7 9. c6 bxc6 10. Bxc4 Nb6 11. Be2 Nfd5 12. Ne4 e5 13. Bd2 f5 14. Nc5 Qe7 15.
Rc1 e4 16. Nd4 Bxd4 17. exd4 f4 18. Qb3 Kg7 19. Rce1 e3 20. fxe3 fxe3 21. Bf3
Re8 22. Bxe3 Nxe3 23. Bxc6 Bg4 24. Bxa8 Nxa8 25. Rf4 Qc7 26. Rxe3 Qxf4 27. Rxe8
Qc1+ 28. Kf2 Qf4+ 29. Ke1 Qc1+ 30. Kf2 Qf4+ 1/2-1/2

[Event "First Saturday IM Oct 2013"]
[Site "Budapest"]
[Date "2013.10.08"]
[Round "4.1"]
[White "Szeberenyi, Adam"]
[Black "To, Nhat Minh"]
[Result "1/2-1/2"]
[WhiteElo "2328"]
[BlackElo "2334"]
[PlyCount "27"]
[EventDate "2013.10.05"]

1. d4 Nf6 2. Nf3 g6 3. c4 Bg7 4. Nc3 d5 5. Bf4 O-O 6. Rc1 dxc4 7. e4 Bg4 8.
Bxc4 Nh5 9. Be3 Bxf3 10. gxf3 e5 11. dxe5 Bxe5 12. Qxd8 Rxd8 13. O-O Nd7 14.
Rfd1 1/2-1/2

[Event "First Saturday IM Oct 2013"]
[Site "Budapest"]
[Date "2013.10.08"]
[Round "4.3"]
[White "Nguyen, Thi Mai Hung"]
[Black "Nitish, Belurkar"]
[Result "1-0"]
[WhiteElo "2204"]
[BlackElo "1903"]
[PlyCount "79"]
[EventDate "2013.10.05"]

1. d4 Nf6 2. Nf3 g6 3. Bg5 Bg7 4. Nbd2 O-O 5. c3 d5 6. e3 b6 7. Bd3 Bb7 8. O-O
c5 9. Qe2 Ne4 10. Bh4 Nd7 11. Rfd1 Qe8 12. Bc2 e5 13. dxe5 Nxe5 14. Nxe5 Qxe5
15. Nxe4 dxe4 16. Rd7 Bc6 17. Re7 Qf5 18. Rd1 Rfe8 19. Rc7 Rec8 20. Rxc8+ Rxc8
21. Qa6 Ra8 22. Bb3 Bf6 23. Bg3 Be5 24. Bxe5 Qxe5 25. h3 Kg7 26. Qc4 Rf8 27.
Ba4 Qe8 28. Bc2 Qe7 29. b4 Rc8 30. Bb3 cxb4 31. cxb4 Bb7 32. Qxf7+ Qxf7 33.
Bxf7 Rc7 34. Bb3 Ba6 35. Rd4 Bb7 36. Kh2 Re7 37. h4 Bc6 38. Kg3 Re5 39. Rc4 Re6
40. b5 1-0

[Event "First Saturday IM Oct 2013"]
[Site "Budapest"]
[Date "2013.10.08"]
[Round "4.4"]
[White "Lyell, Mark"]
[Black "Szalanczy, Emil"]
[Result "1/2-1/2"]
[WhiteElo "2259"]
[BlackElo "2261"]
[PlyCount "111"]
[EventDate "2013.10.05"]

1. e4 c5 2. f4 g6 3. Nf3 Bg7 4. c3 d6 5. d4 Nd7 6. Bd3 Nh6 7. O-O O-O 8. Kh1 e6
9. Be3 b6 10. Nbd2 Bb7 11. Qe1 Rc8 12. Qg3 Nf6 13. Rae1 d5 14. e5 Ne4 15. Qh3
Nf5 16. Ng5 Nxg5 17. fxg5 cxd4 18. cxd4 Qe7 19. a3 Bc6 20. Nf3 Nxe3 21. Rxe3
Ba4 22. Re2 Rc7 23. Ref2 a5 24. Qg3 Rfc8 25. Ba6 Rb8 26. Bd3 Bb3 27. h4 Rbc8
28. Nh2 Bc2 29. Ng4 Bxd3 30. Qxd3 Rc1 31. Kh2 Rxf1 32. Rxf1 Qc7 33. Qf3 Rf8 34.
Qf4 Qc2 35. Nf6+ Kh8 36. Nd7 Rd8 37. Qxf7 Qc7 38. h5 gxh5 39. Qxh5 Qxd7 40. Rf7
Qe8 41. g6 Qg8 42. Rb7 h6 43. Rxb6 Qf8 44. Qg4 Qf5 45. Qxf5 exf5 46. Rb5 a4 47.
Kg3 Bxe5+ 48. dxe5 d4 49. Kf2 d3 50. Ke1 Kg7 51. Rb6 Re8 52. Kd2 Rxe5 53. Kxd3
Ra5 54. Rb4 Ra6 55. Ke3 Kxg6 56. Kf4 {illegible writing...draw in83 moves}
1/2-1/2

[Event "First Saturday IM Oct 2013"]
[Site "Budapest"]
[Date "2013.10.08"]
[Round "4.5"]
[White "Havasi, Gergo"]
[Black "Balint, Vilmos"]
[Result "1-0"]
[WhiteElo "2172"]
[BlackElo "2248"]
[PlyCount "131"]
[EventDate "2013.10.05"]

1. e4 c5 2. Nf3 Nc6 3. d4 cxd4 4. Nxd4 Nf6 5. Nc3 e5 6. Ndb5 d6 7. Bg5 a6 8.
Na3 b5 9. Nd5 Be7 10. Bxf6 Bxf6 11. c4 Bg5 12. cxb5 Nd4 13. b6 O-O 14. Bc4 Bb7
15. O-O Rb8 16. Qd3 Kh8 17. f4 Bh6 18. f5 Bg5 19. Kh1 g6 20. f6 Bxd5 21. Bxd5
Rxb6 22. Nc4 Rb5 23. Rf2 Bh4 24. g3 Rxd5 25. exd5 Bxf6 26. Raf1 Be7 27. Rxf7
Rxf7 28. Rxf7 Qg8 29. Rf2 Qxd5+ 30. Kg1 e4 31. Qc3 Bf6 32. Ne3 Qe6 33. Qc7 Nf3+
34. Kg2 Bd4 35. Re2 Bc5 36. Qb8+ Kg7 37. Qb7+ Kg8 38. Qd5 Kf7 39. Qb7+ Kg8 40.
Nd5 Ng5 41. Nf4 Qg4 42. Qb3+ Kg7 43. Qc3+ Kg8 44. Re1 Qf3+ 45. Qxf3 exf3+ 46.
Kf1 Bb6 47. Nd3 Nf7 48. Re4 g5 49. Rb4 Ba7 50. Rb7 Be3 51. Re7 Bd2 52. g4 h5
53. h3 hxg4 54. hxg4 Nh6 55. Kf2 Nxg4+ 56. Kxf3 Nh6 57. Ke2 Nf5 58. Rb7 Be3 59.
Kf3 d5 60. Rd7 d4 61. Ra7 Nh6 62. Rxa6 g4+ 63. Kg3 Bd2 64. Ra7 Kf8 65. b4 Ke8
66. b5 1-0

[Event "First Saturday IM Oct 2013"]
[Site "Budapest"]
[Date "2013.10.09"]
[Round "5.1"]
[White "Balint, Vilmos"]
[Black "Szeberenyi, Adam"]
[Result "1-0"]
[WhiteElo "2248"]
[BlackElo "2328"]
[PlyCount "129"]
[EventDate "2013.10.05"]

1. e4 c5 2. Nf3 e6 3. d4 cxd4 4. Nxd4 a6 5. Bd3 Bc5 6. Nb3 Ba7 7. Qe2 Nc6 8.
Nc3 Nge7 9. Bf4 e5 10. Bg5 h6 11. Bh4 g5 12. Bg3 Ng6 13. O-O-O d6 14. Bc4 h5
15. h4 gxh4 16. Bh2 Be6 17. f4 Bxc4 18. Qxc4 Be3+ 19. Kb1 Bxf4 20. Nc5 Nd4 21.
Nxb7 Qb6 22. Nd5 Qxb7 23. Bxf4 Nxf4 24. Nxf4 Rb8 25. Qa4+ Kf8 26. Nd3 Qxe4 27.
Qxa6 Rh6 28. c3 Nf5 29. Ka1 Qxg2 30. Qa7 Ra8 31. Qb6 Qd5 32. Nb4 Qc5 33. Qb7
Ra7 34. Qb8+ Kg7 35. Rdg1+ Rg6 36. Re1 Rh6 37. Nd3 Qa5 38. a3 Rg6 39. Qc8 Ne7
40. Qh3 Qa4 41. Nb4 Qb3 42. Re2 Qc4 43. Reh2 Rg4 44. Qe3 Ra8 45. Qf3 Qe4 46.
Qd1 Rd8 47. Nd3 Qa4 48. Nxe5 Qxd1+ 49. Rxd1 Rf4 50. Nd3 Re4 51. Nc5 Rg4 52. Nb7
Rd7 53. Nxd6 Kg6 54. Rdd2 Nf5 55. Nxf5 Rxd2 56. Nxh4+ Rxh4 57. Rxd2 Rg4 58. b4
h4 59. Rh2 Kg5 60. b5 Rg3 61. b6 Rxc3 62. b7 Rb3 63. Rb2 Rxb7 64. Rxb7 h3 65.
Rxf7 1-0

[Event "First Saturday IM Oct 2013"]
[Site "Budapest"]
[Date "2013.10.09"]
[Round "5.2"]
[White "Szalanczy, Emil"]
[Black "Havasi, Gergo"]
[Result "0-1"]
[WhiteElo "2261"]
[BlackElo "2172"]
[PlyCount "118"]
[EventDate "2013.10.05"]

1. e4 c5 2. Nf3 d6 3. d4 cxd4 4. Nxd4 Nf6 5. Nc3 a6 6. Be3 e5 7. Nb3 Be7 8. f3
O-O 9. Qd2 Be6 10. O-O-O a5 11. Kb1 a4 12. Nc1 a3 13. b3 Ra5 14. Bc4 Bxc4 15.
bxc4 Qc8 16. Nb3 Ra6 17. Nd5 Nxd5 18. cxd5 Ra4 19. g4 Qc7 20. Rc1 Rc8 21. c4
Nd7 22. Qd3 Qd8 23. Rc2 Bg5 24. Rhc1 b6 25. Qd2 Bxe3 26. Qxe3 Nc5 27. g5 Rca8
28. h4 Rb4 29. Rc3 Na4 30. R3c2 Nc5 31. Ka1 Raa4 32. Nd2 Qd7 33. Rb1 Rxb1+ 34.
Nxb1 Qh3 35. Rc3 Qf1 36. Qc1 Qf2 37. Rxa3 Qd4+ 38. Qc3 Qd1 39. Qb2 Rxa3 40.
Qxa3 Na4 41. Qe3 g6 42. Qd2 Qxf3 43. Qc2 Nc5 44. Nd2 Qf2 45. Kb2 Qxh4 46. Nb3
Nxe4 47. Ka3 Qe1 48. Ka4 Nc3+ 49. Kb4 Nxd5+ 50. Kb5 Qb4+ 51. Kc6 Nc3 52. Qf2
Qxc4+ 53. Kxb6 Nd5+ 54. Kb7 Qb5+ 55. Ka8 Qc6+ 56. Ka7 Nc7 57. Kb8 Nb5 58. a4
Qc7+ 59. Ka8 Qc8# 0-1

[Event "First Saturday IM Oct 2013"]
[Site "Budapest"]
[Date "2013.10.09"]
[Round "5.3"]
[White "Nitish, Belurkar"]
[Black "Lyell, Mark"]
[Result "0-1"]
[WhiteElo "1903"]
[BlackElo "2259"]
[PlyCount "102"]
[EventDate "2013.10.05"]

1. d4 e6 2. Nf3 f5 3. e3 Nf6 4. Bd3 b6 5. c4 Bb7 6. Nc3 Bb4 7. Bd2 O-O 8. O-O
d6 9. Ne2 Bxd2 10. Nxd2 Nbd7 11. Nf4 Qe7 12. d5 Nc5 13. Nb3 Nxd3 14. Qxd3 e5
15. Ne6 Rfe8 16. Qxf5 Bc8 17. Rfd1 Bxe6 18. Qxe6+ Qxe6 19. dxe6 Rxe6 20. Rac1
Rf8 21. Rc2 a5 22. a4 Nd7 23. Rc3 Ref6 24. Rd2 g5 25. Re2 g4 26. Rd2 Rf5 27.
Re2 R8f6 28. e4 Rf4 29. Nd2 Rf7 30. Nb3 Kf8 31. Rg3 Ke7 32. Rc3 Kd8 33. Rg3 Kc8
34. Rc3 Kb7 35. Rg3 Kc6 36. Rd3 h5 37. Kf1 h4 38. Ke1 Rg7 39. Ree3 h3 40. g3
Rf6 41. Ke2 Rgf7 42. f3 Nf8 43. Nd2 Ne6 44. Kd1 Nc5 45. Ra3 gxf3 46. Nxf3 Nxa4
47. Ke2 Nc5 48. Kf2 Ne6 49. g4 Rf4 50. Kg3 Rg7 51. Kxh3 Rfxg4 0-1

[Event "First Saturday IM Oct 2013"]
[Site "Budapest"]
[Date "2013.10.09"]
[Round "5.4"]
[White "Kulkarni, Bhakti"]
[Black "Nguyen, Thi Mai Hung"]
[Result "1-0"]
[WhiteElo "2291"]
[BlackElo "2204"]
[PlyCount "67"]
[EventDate "2013.10.05"]

1. d4 d5 2. c4 c6 3. e3 Nf6 4. Nf3 e6 5. Nbd2 Be7 6. Bd3 O-O 7. O-O Nbd7 8. b3
b6 9. Bb2 Bb7 10. Qe2 c5 11. e4 dxe4 12. Nxe4 Nxe4 13. Bxe4 Bxe4 14. Qxe4 Bf6
15. Rfd1 Qc7 16. Rd2 Rad8 17. Rad1 Rfe8 18. Qg4 cxd4 19. Bxd4 Bxd4 20. Qxd4 f6
21. h3 Kf7 22. Qxd7+ Rxd7 23. Rxd7+ Re7 24. Rxc7 Rxc7 25. Kf1 e5 26. Rd5 Ke6
27. Ke2 a6 28. a4 h5 29. Nd2 g5 30. Ne4 Rc6 31. Rd8 h4 32. Rh8 Kf5 33. Ke3 Kg6
34. Rd8 1-0

[Event "First Saturday IM Oct 2013"]
[Site "Budapest"]
[Date "2013.10.09"]
[Round "5.5"]
[White "To, Nhat Minh"]
[Black "Kislik, Erik Andrew"]
[Result "1/2-1/2"]
[WhiteElo "2334"]
[BlackElo "2381"]
[PlyCount "84"]
[EventDate "2013.10.05"]

1. c4 e5 2. g3 Nf6 3. Bg2 d5 4. cxd5 Nxd5 5. Nc3 Nb6 6. Nf3 Nc6 7. O-O Be7 8.
a3 O-O 9. b4 Be6 10. Rb1 f6 11. d3 Qc8 12. Be3 Rd8 13. Qc2 Nd5 14. Nxd5 Bxd5
15. Rfc1 Bd6 16. Ng5 Ne7 17. Ne4 Qe6 18. d4 exd4 19. Bxd4 c6 20. Nxd6 Rxd6 21.
Bc5 Bxg2 22. Bxd6 Be4 23. Qb3 Nd5 24. Rb2 Qxd6 25. f3 Re8 26. fxe4 Rxe4 27. b5
Re3 28. Qc4 Qe5 29. bxc6 bxc6 30. Qxc6 Qd4 31. Kf1 Re7 32. Rb8+ Kf7 33. Rb7 Qe4
34. Rxe7+ Kxe7 35. Qb7+ Ke6 36. Rc6+ Ke5 37. Qb8+ Kf5 38. Rc5 Qh1+ 39. Kf2
Qxh2+ 40. Kf1 Qh1+ 41. Kf2 Qh2+ 42. Kf1 Qh1+ 1/2-1/2

[Event "First Saturday IM Oct 2013"]
[Site "Budapest"]
[Date "2013.10.11"]
[Round "6.2"]
[White "Nguyen, Thi Mai Hung"]
[Black "To, Nhat Minh"]
[Result "0-1"]
[WhiteElo "2204"]
[BlackElo "2334"]
[PlyCount "174"]
[EventDate "2013.10.05"]

1. d4 Nf6 2. Nf3 g6 3. Bg5 Bg7 4. Nbd2 c5 5. Bxf6 Bxf6 6. Ne4 Bxd4 7. Nxd4 cxd4
8. Qxd4 O-O 9. g3 Nc6 10. Qd2 d5 11. Ng5 f6 12. Nf3 e5 13. Bg2 Be6 14. c3 Kg7
15. O-O Na5 16. b3 Qb6 17. Rfd1 Rfd8 18. Rac1 Rac8 19. Qe1 Nc6 20. Nd2 Qa5 21.
Nf1 Qxa2 22. Ra1 Qxb3 23. Rdb1 Qc4 24. Rxb7+ Kg8 25. Qd2 g5 26. Ne3 Qc5 27. Qc2
e4 28. Bxe4 dxe4 29. Qxe4 Bf7 30. Ng4 Kg7 31. Nxf6 Rf8 32. Qf3 Ne5 33. Qf5 Ng6
34. Nd5 a5 35. Qxg5 Rce8 36. e3 Re5 37. Qf6+ Kg8 38. Nf4 Qxc3 39. Rd1 Rxe3 40.
Qxc3 Rxc3 41. Nd5 Bxd5 42. Rxd5 Rc1+ 43. Kg2 Rc2 44. Rxa5 Rfxf2+ 45. Kh3 Rxh2+
46. Kg4 Rcf2 47. Kg5 Nf8 48. Ra8 Ra2 49. Rc8 Ra5+ 50. Kg4 Ra4+ 51. Kf3 Ra3+ 52.
Kf4 Rf2+ 53. Ke4 Rxg3 54. Ra8 Rg6 55. Raa7 Rfg2 56. Rb8 Rg7 57. Rxg7+ Rxg7 58.
Kf3 Rg6 59. Rb7 Ne6 60. Kf2 Rg7 61. Rb6 Kf7 62. Rb8 Kf6 63. Kf3 h5 64. Rh8 Kg5
65. Kg3 Nd4 66. Kh3 Nf5 67. Ra8 Rd7 68. Ra3 Re7 69. Ra4 Re3+ 70. Kg2 Rb3 71.
Kh2 h4 72. Ra5 Rd3 73. Ra8 Nd4 74. Rg8+ Kf4 75. Rf8+ Nf5 76. Ra8 Rf3 77. Ra4+
Kg5 78. Ra8 Ne7 79. Kg2 Rf5 80. Kh3 Ng6 81. Rg8 Rf6 82. Rg7 Rf3+ 83. Kg2 Rd3
84. Kh2 Kh6 85. Rg8 Kh5 86. Rg7 Nf4 87. Rg8 Rh3+ 0-1